[Event "DOM-ch"]
[Site "Santo Domingo"]
[Date "2021.05.07"]
[Round "1"]
[White "Abreu Jean, Carlos Paul"]
[Black "Arias, William Alfredo"]
[Result "1-0"]
[WhiteElo "2382"]
[BlackElo "1941"]
[PlyCount "107"]
[EventDate "2021.05.07"]
[EventType "swiss"]
[EventRounds "11"]
[EventCountry "DOM"]
[SourceTitle "CBM 203 Extra"]
[Source "ChessBase"]
[SourceDate "2021.09.30"]
[SourceVersion "1"]
[SourceVersionDate "2021.09.30"]
[SourceQuality "1"]

1. d4 Nf6 2. c4 g6 3. g3 Bg7 4. Bg2 0-0 5. Nc3 c6 6. e4 d6 7. Nf3 Nbd7 8. 0-0 Qc7 9. h3 e5 10. Re1 h6 11. Be3 Re8 12. Qd2 Kh7 13. Rad1 Nf8 14. dxe5 dxe5 15. Bc5 N6d7 16. Bd6 Qd8 17. b4 Ne6 18. Qc1 Qf6 19. c5 Ng5 20. Re3 Qe6 21. Nxg5+ hxg5 22. Rf3 Bh6 23. g4 f6 24. Bf1 Qf7 25. Na4 Nf8 26. Bc4 Qg7 27. Nb2 Be6 28. Bxf8 Qxf8 29. Rd6 Qf7 30. Bxe6 Rxe6 31. Qc4 Rae8 32. Rfd3 R6e7 33. Qc2 Qxa2 34. Rxf6 Bg7 35. Rfd6 Rf8 36. Rd7 Ref7 37. Rxf7 Rxf7 38. Kg2 a5 39. bxa5 Qxa5 40. Qc4 Rf4 41. Rd1 Qa3 42. Nd3 Rf8 43. Rb1 Rd8 44. Rb3 Qa2 45. Nxe5 Qd2 46. Qf7 Qf4 47. Qxg6+ Kg8 48. Qe6+ Kh7 49. Qg6+ Kg8 50. Nf3 Rf8 51. e5 Kh8 52. Qxg5 Qe4 53. Re3 Qd5 54. e6 1-0

[Event "DOM-ch"]
[Site "Santo Domingo"]
[Date "2017.05.07"]
[Round "11"]
[White "Arias, William Alfredo"]
[Black "Ventura Ruiz, Jonathan Leonardo"]
[Result "1-0"]
[WhiteElo "1983"]
[BlackElo "1903"]
[PlyCount "25"]
[EventDate "2017.04.21"]
[EventType "swiss"]
[EventRounds "11"]
[EventCountry "DOM"]
[SourceTitle "EXT 2018"]
[Source "ChessBase"]
[SourceDate "2017.10.13"]
[SourceVersion "1"]
[SourceVersionDate "2017.10.13"]
[SourceQuality "1"]

1. e4 d6 2. d4 Nf6 3. Nc3 c6 4. f3 Nbd7 5. g4 e5 6. Nge2 Be7 7. Be3 0-0 8. Qd2 Nb6 9. Ng3 Re8 10. 0-0-0 Be6 11. g5 Nfd7 12. d5 Nf8 13. dxe6 1-0

[Event "DOM-ch"]
[Site "Santo Domingo"]
[Date "2017.05.06"]
[Round "10"]
[White "Jaquez, Juan Manuel"]
[Black "Arias, William Alfredo"]
[Result "1-0"]
[WhiteElo "2225"]
[BlackElo "1983"]
[PlyCount "81"]
[EventDate "2017.04.21"]
[EventType "swiss"]
[EventRounds "11"]
[EventCountry "DOM"]
[SourceTitle "CBM 178 Extra"]
[Source "ChessBase"]
[SourceDate "2017.06.22"]
[SourceVersion "1"]
[SourceVersionDate "2017.06.22"]
[SourceQuality "1"]

1. e4 c5 2. Nc3 e6 3. f4 Ne7 4. Nf3 d5 5. d3 a6 6. a4 Nbc6 7. Be2 Ng6 8. 0-0 d4 9. Nb1 Be7 10. Na3 0-0 11. Nc4 b6 12. Bd2 Qc7 13. Qe1 Rb8 14. Qg3 a5 15. h4 h6 16. h5 Nh8 17. Nfe5 Nxe5 18. fxe5 Kh7 19. Rf3 Bd7 20. b3 f6 21. Bf4 f5 22. exf5 Rxf5 23. Rf2 Bg5 24. Bxg5 Rxg5 25. Qh3 Re8 26. Bg4 Re7 27. Raf1 Be8 28. Rf8 Bf7 29. Bf3 g6 30. Be4 Kg7 31. Rxh8 Rxh5 32. Rh7+ Kg8 33. Rhxf7 Rxh3 34. Rf8+ Kh7 35. gxh3 Rg7 36. Nd6 Qe7 37. R1f6 h5 38. Re8 Qd7 39. Rff8 Kh6 40. h4 Rh7 41. Rf6 1-0

[Event "Santo Domingo Inmortales op"]
[Site "Santo Domingo"]
[Date "2016.11.18"]
[Round "1"]
[White "Campusano Espinosa, Zoilo Nelson"]
[Black "Arias, William Alfredo"]
[Result "1-0"]
[WhiteElo "2162"]
[BlackElo "2010"]
[PlyCount "89"]
[EventDate "2016.11.18"]
[EventType "swiss"]
[EventRounds "8"]
[EventCountry "DOM"]
[SourceTitle "EXT 2018"]
[Source "ChessBase"]
[SourceDate "2017.10.13"]
[SourceVersion "1"]
[SourceVersionDate "2017.10.13"]
[SourceQuality "1"]

1. e4 c5 2. d3 e6 3. g3 Be7 4. Bg2 Nf6 5. e5 Nd5 6. Nf3 0-0 7. Nbd2 d6 8. 0-0 Nc6 9. Nc4 dxe5 10. Nfxe5 Nxe5 11. Nxe5 Qc7 12. Re1 Bd6 13. Nc4 Be7 14. Qe2 Bf6 15. c3 Bd7 16. Nd2 Bc6 17. Ne4 Be7 18. h4 Nf6 19. Bf4 Qd7 20. Rad1 Nd5 21. Bg5 h6 22. Bxe7 Qxe7 23. d4 cxd4 24. Rxd4 Rad8 25. Nd2 Qc7 26. Nf3 Nf6 27. Qc4 Qb6 28. Qb4 Qa6 29. a3 Rxd4 30. Qxd4 Qb5 31. c4 Qf5 32. Ne5 Bxg2 33. Kxg2 a6 34. b4 Qc2 35. Re3 Qa4 36. Qb6 Rb8 37. g4 Qe8 38. Qc7 Nh7 39. Nxf7 Rc8 40. Qxb7 Rc6 41. Ne5 Rd6 42. c5 Rd2 43. c6 Qf8 44. Rf3 Qd6 45. c7 1-0

[Event "DOM-ch"]
[Site "Santo Domingo"]
[Date "2016.04.09"]
[Round "7"]
[White "Arias, William Alfredo"]
[Black "Arias Diaz, Ernesto Antonio"]
[Result "1-0"]
[WhiteElo "2000"]
[BlackElo "1873"]
[PlyCount "118"]
[EventDate "2016.04.01"]
[EventType "swiss"]
[EventRounds "11"]
[EventCountry "DOM"]
[SourceTitle "CBM 171 Extra"]
[Source "ChessBase"]
[SourceDate "2016.04.26"]
[SourceVersion "1"]
[SourceVersionDate "2016.04.26"]
[SourceQuality "1"]

1. e4 e5 2. Nf3 Nc6 3. Bc4 Nf6 4. 0-0 Bc5 5. Re1 0-0 6. c3 d6 7. d3 h6 8. h3 Be6 9. Bb5 Ne7 10. d4 exd4 11. cxd4 Bb6 12. Nc3 c6 13. Bd3 Ng6 14. Be3 Bc7 15. Qc2 Qe8 16. Bd2 Rc8 17. Rac1 Ne7 18. Ne2 Qd7 19. Nf4 Kh8 20. Qb1 b5 21. Rcd1 a5 22. Nxe6 fxe6 23. Be3 Bb6 24. Bf1 Qa7 25. Qd3 Nh5 26. Qd2 Ng6 27. Nh2 Rcd8 28. Qc2 Ne7 29. Qc1 Rf7 30. Ng4 Rdf8 31. Kh1 Nf4 32. g3 Nfg6 33. h4 h5 34. Nh2 e5 35. dxe5 Bxe3 36. Rxe3 dxe5 37. f3 Qb6 38. Kg2 c5 39. Red3 Rf6 40. Qg5 Nf4+ 41. gxf4 Rg6 42. Rd6 Rxg5+ 43. hxg5 Qb8 44. f5 c4 45. Be2 Qc7 46. Nf1 Qc5 47. g6 b4 48. Rd8 Nc6 49. R1d5 Qe7 50. Rxf8+ Qxf8 51. Bxc4 Qe7 52. b3 Qg5+ 53. Kf2 h4 54. Rd6 Nd4 55. Rd7 h3 56. Rf7 Qd8 57. f6 Ne6 58. Bxe6 Qd4+ 59. Ke2 Qb2+ 1-0

[Event "Santo Domingo Duarte Memorial 5th"]
[Site "Santo Domingo"]
[Date "2016.01.09"]
[Round "3"]
[White "Espinal Geraldo, German Adalbert"]
[Black "Arias, William Alfredo"]
[Result "0-1"]
[WhiteElo "1594"]
[BlackElo "2037"]
[PlyCount "82"]
[EventDate "2016.01.08"]
[EventType "swiss"]
[EventRounds "8"]
[EventCountry "DOM"]
[SourceTitle "CBM 170 Extra"]
[Source "ChessBase"]
[SourceDate "2016.02.25"]
[SourceVersion "1"]
[SourceVersionDate "2016.02.25"]
[SourceQuality "1"]

1. d4 c5 2. d5 d6 3. Nf3 h6 4. c4 e5 5. e4 f5 6. Bd3 Nf6 7. Nc3 f4 8. Nh4 Kf7 9. g3 g5 10. Nf5 Bxf5 11. exf5 Bg7 12. Ne4 Ke7 13. 0-0 Nbd7 14. b4 Nxe4 15. Bxe4 cxb4 16. a3 Nc5 17. Bc2 bxa3 18. Rxa3 h5 19. Re1 Kf7 20. gxf4 gxf4 21. Rh3 Qg5+ 22. Kh1 Qg4 23. Ba3 Qxh3 24. Bxc5 dxc5 25. d6 Qh4 26. Qd5+ Kf8 27. Qxc5 Rd8 28. d7+ Qe7 29. Qxa7 Qxd7 30. Rd1 Qc6+ 31. Kg1 Rxd1+ 32. Bxd1 Bf6 33. Qa3+ Kf7 34. Bf3 e4 35. Be2 f3 36. Bf1 Rg8+ 37. Kh1 Bd4 38. Qa2 Qc5 39. Qa4 Bxf2 40. Qd7+ Qe7 41. Qd5+ Kf8 0-1

[Event "DOM-ch"]
[Site "Santo Domingo"]
[Date "2015.05.10"]
[Round "8"]
[White "Arias, William Alfredo"]
[Black "Castillo Rivera, Nelson Javier"]
[Result "1-0"]
[WhiteElo "1950"]
[BlackElo "2069"]
[PlyCount "53"]
[EventDate "2015.05.01"]
[EventType "swiss"]
[EventRounds "11"]
[EventCountry "DOM"]
[SourceTitle "CBM 166 Extra"]
[Source "ChessBase"]
[SourceDate "2015.06.18"]
[SourceVersion "1"]
[SourceVersionDate "2015.06.18"]
[SourceQuality "1"]

1. e4 c5 2. Nf3 d6 3. d4 cxd4 4. Nxd4 Nf6 5. Nc3 g6 6. Be3 Bg7 7. f3 Nc6 8. Bc4 0-0 9. Qd2 Bd7 10. 0-0-0 a6 11. g4 b5 12. Nxc6 Bxc6 13. Bd5 Bxd5 14. exd5 Nd7 15. Bh6 Ne5 16. Bxg7 Kxg7 17. Qf2 Qa5 18. Kb1 Nc4 19. Ne4 Rfc8 20. Qe1 b4 21. h4 Nxb2 22. Kxb2 Qa3+ 23. Kb1 Rxc2 24. Kxc2 Qxa2+ 25. Kd3 f5 26. gxf5 gxf5 27. Nc3 1-0

[Event "DOM-ch"]
[Site "Santo Domingo"]
[Date "2015.05.02"]
[Round "2"]
[White "Arias, William Alfredo"]
[Black "Moore Guzman, Fernando Augusto"]
[Result "1-0"]
[WhiteElo "1950"]
[BlackElo "2046"]
[PlyCount "67"]
[EventDate "2015.05.01"]
[EventType "swiss"]
[EventRounds "11"]
[EventCountry "DOM"]
[SourceTitle "CBM 166 Extra"]
[Source "ChessBase"]
[SourceDate "2015.06.18"]
[SourceVersion "1"]
[SourceVersionDate "2015.06.18"]
[SourceQuality "1"]

1. e4 c6 2. d4 d5 3. Nc3 dxe4 4. Nxe4 Bf5 5. Ng3 Bg6 6. h4 h6 7. Nf3 Nd7 8. h5 Bh7 9. Bd3 Bxd3 10. Qxd3 Qc7 11. Bd2 Ngf6 12. 0-0-0 0-0-0 13. Kb1 e6 14. c4 Bd6 15. Ne4 Nxe4 16. Qxe4 Nf6 17. Qc2 Rhe8 18. Bc3 Qe7 19. a3 Kb8 20. Ka2 a6 21. b4 b5 22. Nd2 Qc7 23. Nb3 Rc8 24. Rc1 e5 25. Qd3 Qd7 26. Rhd1 Qe6 27. d5 bxc4 28. dxe6 cxd3 29. exf7 Re7 30. Rxd3 Nd5 31. Na5 Rxf7 32. Be1 e4 33. Rd4 e3 34. fxe3 1-0